Biblioteca y Centro de Documentación

Los sindicatos como instituciones culturales de la sociedad contemporánea (Registro nro. 45372)

Detalles MARC
000 -CABECERA
Longitud fija campo de control 00911naa a2200241 4500
001 - NÚMERO DE CONTROL
Número de control 45372
003 - IDENTIFICADOR DE NÚMERO DE CONTROL
Identificador del número de control ES-MaCES
005 - FECHA Y HORA DE LA ÚLTIMA TRANSACCIÓN
Fecha y hora de la última transacción 20150925135801.0
008 - CAMPO FIJO DE DESCRIPCIÓN FIJA--INFORMACIÓN GENERAL
Códigos de información de longitud fija   000000s2014 sp ||||| t||||||| ||spa d
040 ## - FUENTE DE CATALOGACIÓN
Centro catalogador de origen ES-MaCES
Lengua de catalogación spa
Centro transcriptor ES-MaCES
100 1# - ENCABEZAMIENTO PRINCIPAL--NOMBRE PERSONAL
9 (RLIN) 25895
Nombre de persona Villa Gil, Luis Enrique de la
245 14 - MENCIÓN DE TÍTULO
Título Los sindicatos como instituciones culturales de la sociedad contemporánea
Mención de responsabilidad, etc. Luis Enrique de la Villa Gil
650 #4 - ASIENTO SECUNDARIO DE MATERIA--TÉRMINO DE MATERIA
9 (RLIN) 30660
Término de materia o nombre geográfico como elemento inicial papel del sindicato
650 #4 - ASIENTO SECUNDARIO DE MATERIA--TÉRMINO DE MATERIA
9 (RLIN) 29870
Término de materia o nombre geográfico como elemento inicial identidad cultural
650 #4 - ASIENTO SECUNDARIO DE MATERIA--TÉRMINO DE MATERIA
9 (RLIN) 27254
Término de materia o nombre geográfico como elemento inicial antropología social y cultural
650 #4 - ASIENTO SECUNDARIO DE MATERIA--TÉRMINO DE MATERIA
9 (RLIN) 27251
Término de materia o nombre geográfico como elemento inicial historia
650 #4 - ASIENTO SECUNDARIO DE MATERIA--TÉRMINO DE MATERIA
9 (RLIN) 28368
Término de materia o nombre geográfico como elemento inicial movimiento obrero
653 10 - TÉRMINO DE INDEXACIÓN--NO CONTROLADO
Término no controlado Ciencias Sociales-Políticas
650 #4 - ASIENTO SECUNDARIO DE MATERIA--TÉRMINO DE MATERIA
9 (RLIN) 28377
Término de materia o nombre geográfico como elemento inicial sindicato
773 0# - ENTRADA DE DOCUMENTO FUENTE
Itemnumber del ítem fuente 82255
Edición 1ª ed
Lugar, editor y fecha de publicación Valladolid Lex Nova Thomson Reuters 2014
Otro identificador del documento 085159
Título Los sindicatos
Número de control del registro relacionado (ES-MaCES)45357
Número Internacional Normalizado para Libros (ISBN) 9788498989397
Parte(s) relacionada(s) p. 31-93. - SG-2.0.-414
902 ## - CES. TIPO DE DOCUMENTO
Tipodoc (006$c Sirtex) ARL Artículo de libro
942 ## - ELEMENTOS KOHA
Fuente de clasificaión o esquema Clasificación propia del CES
Koha [por defecto] tipo de item Artículos (1982-2017)
Parte de clasificación Ciencias Sociales Politicas Empresariale

No hay ítems disponibles.

© CES, Consejo Económico y Social de España 2021